Harry Potter Spells - Statistics

General Stats
  • This quiz has been taken 33 times
  • The average score is 10 of 15
Answer Stats
Hint Answer % Correct
Disarming Charm Expelliarmus
100%
Lights the tip of the wand Lumos
100%
Killing Curse Avada Kedavra
93%
Puts out light from ^ Nox
93%
Summoning Charm Accio
87%
Opens Locks Alohomora
87%
Wipes Targets Memory Obliviate
87%
Fixes broken objects Reparo
87%
Puts target in your control Imperio
80%
Body Bind Curse Petrificus Totalus
73%
Cleaning Spell Scourgify
60%
Tickling Charm Rictumsempra
40%
Forces target to dance Tarantallegra
27%
Lifts the caster into the air Ascendio
20%
Freezes target Immobulus
13%
No matching quizzes found
Score Distribution
Percent of People with Each Score
Percentile by Number Answered
Your Score History
You have not taken this quiz